Construcción de un patrón de flujo de gases primario de tipo gravimétrico, para la calibración de medidores de flujo gaseoso
Furkejuvvon:
| Váldodahkki: | |
|---|---|
| Eará dahkkit: | |
| Materiálatiipa: | Girji |
| Giella: | Spanish |
| Almmustuhtton: |
San José, Costa Rica
2021
|
| Fáttát: | |
| Fáddágilkorat: |
Lasit fáddágilkoriid
Eai fáddágilkorat, Lasit vuosttaš fáddágilkora!
|
MARC
| LEADER | 00000nam a2200000Ia 4500 | ||
|---|---|---|---|
| 003 | 013532 | ||
| 005 | 20230601153405.0 | ||
| 008 | 140116s2021 cr a 000 ||spa d | ||
| 040 | |c cru CEDI | ||
| 100 | |a Álvarez Vega, José Ricardo, 1998- |9 345 | ||
| 245 | |a Construcción de un patrón de flujo de gases primario de tipo gravimétrico, para la calibración de medidores de flujo gaseoso | ||
| 260 | |a San José, Costa Rica |c 2021 | ||
| 500 | |a Trabajo Final de graduación(licenciatura en ingeniería química)--Universidad de Costa Rica. Facultad de Ingeniería. Escuela de Ingeniería Química | ||
| 501 | |a Director de Trabajo Final de Graduación: M.Sc. Fernando Andrés Monge | ||
| 650 | |x CALIBRACION |x APARATOS E INSTRUMENTOS |x NORMAS |x MEDICION |x APARATOS E INSTRUMENTOS | ||
| 700 | |9 346 |a Andrés Monge, Fernando José, 1991- |d Director del TFG | ||
| 942 | |c CEDI |h TFG 8683 |6 TFG_8683_000000000000000 | ||
| 999 | |c 22034 |d 22034 | ||
